000 00377nam a22001697a 4500
003 SGT
020 _a9788173717871
082 _a615.1
_bH23A
100 _aAGRAWAL,S.S.
245 _aHERBAL DRUG TECHNOLOGY
250 _a2ND
260 _aHYDERABAD
_bUNIVERSITY PRESS
_c2023
300 _a816
650 _aPHARMACY
653 _aHARBAL, DRUG, TECHNOLOGY
942 _2ddc
_cBK
999 _c26439
_d26439